000 00835nas a2200265 4500
001 BR8904301
003 BR-BrBNA
005 20231205091702.0
007 ta
008 230509b bl.|||p| |||| 00| 00por d
040 _aBR-BrBNA
_bpor
_cBiblioteca Nacional de Agricultura
041 _a(En)
072 _aL10
100 1 _aBarbieri, G.
100 1 _aBarbieri, M.C.
245 1 _aAge growth and reproduction of Tilapia rendalli (Boulenger, 1896)(Osteichtyes: Cichilidae)in the Monjolinho reservoir, Sao Paulo state, Brazil
650 _aTILAPIA
650 _aIDADE
650 _aCRESCIMENTO
650 _aREPRODUCAO ANIMAL
650 _aSAO PAULO
773 0 _tRevista Ceres (Brazil)
_xISSN 0034-737X
_g(Nov-Dec 1988), v. 35(202) p. 578-585
_wBR8904301
909 _a202311
_bLúcia
_c55
_dLúcia Elande
942 _2AGRIS
_n0
_cANA
999 _c126673
_d126673